000 00241nam a2200097Ia 4500
001 1221304
005 20250827092826.0
008 250824s9999 xx 000 0 und d
245 0 _aLADESÇİ
_cÜSTÜN DÖKMEN
260 _bREMZİ KİTABEVİ
999 _c1221304
_d1221304